000 00782cam a2200265 a 4500
001 147934
003 OSt
005 20180921
008 0000001966 -us 0000000000 00
100 _aAparicio Paneque, Manuel, 1927-
245 _aPenumbras : versos /
_cPenumbras : versos /
260 _aNew York :
_b[s. n.]
300 _a83 p.
504 _aIncluye índice
650 _aLITERATURA CUBANA
_aPOESIA CUBANA
040 _aDLC
_cDLC
942 _2ddc
_cBK
999 _c147934
_d14793400